Tiny Healer : (Record no. 492697)
[ view plain ]
| 000 -LEADER | |
|---|---|
| fixed length control field | 01203nam a22002417a 4500 |
| 003 - CONTROL NUMBER IDENTIFIER | |
| control field | OSt |
| 005 - DATE AND TIME OF LATEST TRANSACTION | |
| control field | 20260512093739.0 |
| 008 - FIXED-LENGTH DATA ELEMENTS--GENERAL INFORMATION | |
| fixed length control field | 260512b |||||||| |||| 00| 0 eng d |
| 020 ## - INTERNATIONAL STANDARD BOOK NUMBER | |
| International Standard Book Number | 9780753733493 |
| 040 ## - CATALOGING SOURCE | |
| Original cataloging agency | Kenya National Library Service |
| 082 ## - DEWEY DECIMAL CLASSIFICATION NUMBER | |
| Classification number | 158.13 LAY |
| 100 ## - MAIN ENTRY--PERSONAL NAME | |
| Personal name | Layton, Lisa |
| Relator term | Author |
| 245 ## - TITLE STATEMENT | |
| Title | Tiny Healer : |
| Remainder of title | Mindfulness / |
| Statement of responsibility, etc. | Lisa Layton, edited by Sarah Vaughan. |
| 300 ## - PHYSICAL DESCRIPTION | |
| Extent | 96 pages : |
| Other physical details | color illustrations ; |
| Dimensions | 15 cm. |
| 520 ## - SUMMARY, ETC. | |
| Summary, etc. | A pocket guide to mindfulness to help with anything the day brings. Mindfulness is an indispensable tool for daily living. It helps us to cultivate a clear and comprehensive awareness of what is happening while it is happening without allowing the mind to wander. This little guide will show you that, through the power of mindful exercises and inspirational tips and quotes, you will recognize that the here and now keeps us connected to the world around us and to ourselves. |
| 650 ## - SUBJECT ADDED ENTRY--TOPICAL TERM | |
| Topical term or geographic name entry element | Applied psychology . |
| 650 ## - SUBJECT ADDED ENTRY--TOPICAL TERM | |
| Topical term or geographic name entry element | Personal improvement and analysis. |
| 650 ## - SUBJECT ADDED ENTRY--TOPICAL TERM | |
| Topical term or geographic name entry element | Mindfulness & Meditation. |
| 700 ## - ADDED ENTRY--PERSONAL NAME | |
| Personal name | Vaughan, Sarah |
| Relator term | Editor |
| 942 ## - ADDED ENTRY ELEMENTS (KOHA) | |
| Source of classification or shelving scheme | Dewey Decimal Classification |
| Koha item type | Books |
| Suppress in OPAC | No |
| Withdrawn status | Source of classification or shelving scheme | Damaged status | Not for loan | Home library | Current library | Date acquired | Source of acquisition | Cost, normal purchase price | Total checkouts | Full call number | Barcode | Date last seen | Price effective from | Koha item type |
|---|---|---|---|---|---|---|---|---|---|---|---|---|---|---|
| Dewey Decimal Classification | Nakuru Library | Acquisition, Cataloguing, Classification and Distribution Development | 05/12/2026 | BAI | 874.00 | 158.13 LAY | B232013 | 05/12/2026 | 05/12/2026 | Books |
